LEADER 00709nam a2200205 i 4500 001 000000165040 003 CaOOAMICUS 005 20071008000000.0 008 071008s1968 it u000 u ita u 013 $a142408 040 $aSeMil$bita 100 1 $aCassola, Carlo <1917-1986>.$0(OLS)http://semarc/name/18522 245 10$aFerrovia locale /$cCarlo Cassola. 260 $aTorino :$bEinaudi,$ccopyr. 1968. 300 $a208 p. ;$c23 cm. 850 $aSeMil 852 $aSeMil$W1$xVenegono$y1$m1A V 228$j240174$B116239$CSeMilBibl$Z2$F127132 $81 961 $aRecupero: Altro 996 $6245$aFerrovia locale$9(OLS)http://semarc/title/235515 996 $6260$aTorino :$bEinaudi$9(OLS)http://semarc/publisher/29884 LEADER 01064nam a2200241 i 4500 001 000000189352 003 CaOOAMICUS 005 20150407000000.0 008 150407s1956 it u000 u ita u 013 $a167625 040 $aSeMil$bita 100 1 $aVitali, Ambrogio.$0(OLS)http://semarc/name/43880 245 13$aIl cor ch'egli ebbe... :$bprofilo spirituale di don Carlo Gnocchi padre dei mutilatini di guerra /$cAmbrogio Vitali. 260 $aMonza :$bNuova Massimo,$c1956. 300 $a72 p., [2] c. di tav. ;$c19 cm. 500 $aFondo card. Giovanni Colombo. 650 4$aGnocchi, Carlo - Spiritualitą.$0(OLS)http://semarc/subject/34079 850 $aSeMil 852 $aSeMil$W1$xVenegono$y1$m3GC I 317$j139983$B139983$CSeMilBibl$Z2$F151587 $8B 941 1 $a3 961 $aLascito: Colombo Card. Giovanni 996 $6245$aIl cor ch'egli ebbe... :$bprofilo spirituale di don Carlo Gnocchi padre dei mutilatini di guerra$9(OLS)http://semarc/title/149014 996 $6260$aMonza :$bNuova Massimo$9(OLS)http://semarc/publisher/44687